000 00466nam a22001817a 4500
003 CEME
005 20210628203410.0
008 210305b xxu||||| |||| 00| 0 eng d
020 _a0-14-062160-1
040 _c.
082 _a808.83 LAW
100 _aLawrence, D.H
_928245
245 _aSons and lovers
260 _aNEW YORK
_bPENGUIN BOOKS
_c1995
300 _a420P
650 _aENGLISH LITERATURE-FICTION.PENGUINE POPULAR CLASSIC
_964803
942 _cBK
_2ddc
999 _c573482
_d573482